000 00704nam a2200217 a 4500
001 000005221
003 OSt
005 20200929151619.0
008 090818s1988 sp 000 0 spa d
020 _a8400068599
040 _aDO-SdBNP
_bspa
_cBNPHU
082 _axxxx
_bM385a
100 1 _aMartinell Gifre, Emma
_914906
245 1 0 _aAspectos lingüisticos del descubrimiento y de la conquista /
_cEmma Martinell Gifre.
260 _aMadrid :
_bCSIC,
_c1988.
300 _a223 p. ;
_c21 cm.
500 _aIncluye referencias bibliográficas y notas al pie de las páginas
504 _aBibliografía : p.212-223
710 1 _aConsejo Superior de Investigaciones Científicas
_94786
942 _2ddc
_cLF1
999 _c5022
_d5022